000 01211cam a2200265 i 4500
003 SA-RiAUC
005 20260127124621.0
008 260126s2006 su g f100 0 ara c
040 _aSA-JeALM
_bara
_cSA-RiAUC
_erda
082 0 4 _a252.506
090 _a252.506 ن د و
_bن د و
111 2 _aندوة الحج الكبرى
_cمكة المكرمة)
_d( 1434 هجري :
245 1 0 _aندوة الحج الكبرى :
_bفقه الأولويات في الحج ( ما خبر النبي بين أمرين إلا اختار أيسرهما )/
_cتنظيم وزارة الحج. رئيس الندوة بندر بن محمد الحجار . المشرف هشام بن عبدالله العباس
250 _aالطبعة الأولى.
264 1 _aمكة المكرمة :
_bوزارة الحج،
_c2013
300 _a2 مجلد ؛
_c24 سم
336 _aنص
_btxt
_2rdacontent
_3كتاب
337 _aبدون وسيط
_bn
_2rdamedia
338 _aمجلد
_bnc
_2rdacarrier
650 7 _aالحج
_vمؤتمرات
_2aucsh
650 7 _aالحج (فقه إسلامي)
_2aucsh
710 1 _aالسعودية.
_bوزارة الحج
_eمنظم.
942 _2ddc
_cBOOK
_n0
949 _aSA-JeALM
_d260126
_uosman123
_n1
999 _c14184
_d14184